000 01278nam0a2200301 4500
001 RU\NLR\bibl\1086332
005 20260405215937.0
010 _a978-5-91250-296-5
_95000
021 _aRU
_b2007-23295
_91231
035 _a(NLR Aleph) 001073493
090 _a1013613
_c1013613
100 _a20070515d2007 |||y0rusy50 ca
101 1 _arus
_ceng
102 _aRU
105 _aa |||||||||
200 1 _aКармическое исцеление
_e[исцеление прошлого, настоящего и будущего с помощью Властителей Кармы]
_fДайяна Стайн
_g[пер. с англ. С. Грабовецкого]
210 _aМосква
_cСофия
_d2007
215 _a185 с.
_cил.
_d20
300 _aЗагл. и авт. ориг.: We are the angels / Diana Stein
454 0 _12001#$aWe are the angels$fDiana Stein
_1700#1$3RU\NLR\auth\77118403$7ba$aStein$bD.$f1948-$gDiane$4070
_tWe are the angels
_aStein, Diane (1948-)
606 1 _aКарма
_91203321
_3RU\NLR\auth\66487463
686 _aЮ969.4
700 1 _4070
_8rus
_7ca
_aСтайн
_bД.
_f1948-
_gДайяна
_3RU\NLR\auth\7798395
_981321
801 0 _aRU
_bNLR
_c20070515
_gRCR
801 1 _aRU
_bNLR
_c20070515
942 _cBOOK
980 _aNB